[Event "SVK-chT3A2 2122"]
[Site "Slovakia"]
[Date "2022.01.30"]
[Round "8.5"]
[White "Ulehla, Jakub"]
[Black "Svrcek, Daniel"]
[Result "1/2-1/2"]
[WhiteElo "1859"]
[BlackElo "1507"]
[PlyCount "51"]
[EventDate "2021.10.10"]
[EventType "team-tourn"]
[EventRounds "11"]
[EventCountry "SVK"]
[SourceTitle "EXT 2023"]
[Source "ChessBase"]
[SourceDate "2022.10.05"]
[SourceVersion "1"]
[SourceVersionDate "2022.10.05"]
[SourceQuality "1"]
[WhiteTeam "Senica CVC"]
[BlackTeam "Holic"]
[WhiteTeamCountry "SVK"]
[BlackTeamCountry "SVK"]

1. e4 e6 2. d4 d5 3. Nd2 dxe4 4. Nxe4 Nf6 5. Bg5 Be7 6. Nxf6+ Bxf6 7. Bxf6 Qxf6 8. Nf3 Bd7 9. Ne5 0-0 10. Bd3 Rd8 11. 0-0 Nc6 12. Re1 g6 13. c3 Nxe5 14. Rxe5 Bc6 15. Qc2 b6 16. Be4 Bxe4 17. Qxe4 Rdc8 18. Rd1 Qd8 19. Qg4 c6 20. f4 Rc7 21. h4 Rd7 22. Rf1 Rd5 23. h5 Rxe5 24. fxe5 Qe7 25. h6 Rf8 26. Qe4 1/2-1/2

[Event "SVK-chT2A 2122"]
[Site "Slovakia"]
[Date "2021.10.16"]
[Round "1.8"]
[White "Lukacovic, Miroslav"]
[Black "Ulehla, Jakub"]
[Result "0-1"]
[WhiteElo "1885"]
[BlackElo "1859"]
[PlyCount "98"]
[EventDate "2021.10.16"]
[EventType "team-tourn"]
[EventRounds "11"]
[EventCountry "SVK"]
[SourceTitle "EXT 2023"]
[Source "ChessBase"]
[SourceDate "2022.10.05"]
[SourceVersion "1"]
[SourceVersionDate "2022.10.05"]
[SourceQuality "1"]
[WhiteTeam "Trnava Sered"]
[BlackTeam "Osuske II"]
[WhiteTeamCountry "SVK"]
[BlackTeamCountry "SVK"]

1. d4 f5 2. g3 Nf6 3. Bg2 d5 4. c4 e6 5. Nf3 c6 6. 0-0 Bd6 7. b3 Qe7 8. Bb2 0-0 9. e3 Bd7 10. Nbd2 Be8 11. Ne5 Bh5 12. Qc2 Ne4 13. Ndf3 Ng5 14. Nxg5 Qxg5 15. f4 Qe7 16. Rfc1 Nd7 17. Nxd7 Qxd7 18. c5 Bc7 19. b4 g5 20. Kf2 Qg7 21. a4 Kh8 22. Rg1 Rg8 23. Qd2 Qh6 24. Rh1 Rg7 25. Rag1 Rag8 26. Bf1 Bg4 27. Bc1 Qf6 28. Bd3 Bh3 29. Be2 Bg4 30. Bf1 Rf8 31. Bg2 Qh6 32. Qb2 Bh3 33. Ke1 Bxg2 34. Rxg2 Qh3 35. Rhg1 h5 36. Qf2 Bd8 37. Qe2 Rfg8 38. Kd1 h4 39. Qf2 Qg4+ 40. Ke1 h3 41. Qe2 hxg2 42. Qxg4 fxg4 43. Rxg2 Rh7 44. Kf1 b6 45. b5 cxb5 46. axb5 gxf4 47. gxf4 bxc5 48. dxc5 Rb7 49. Rb2 Bf6 0-1

[Event "SVK-chT3A2 2122"]
[Site "Slovakia"]
[Date "2021.10.10"]
[Round "1.4"]
[White "Rau, Vladimir"]
[Black "Ulehla, Jakub"]
[Result "0-1"]
[WhiteElo "1688"]
[BlackElo "1859"]
[PlyCount "62"]
[EventDate "2021.10.10"]
[EventType "team-tourn"]
[EventRounds "11"]
[EventCountry "SVK"]
[SourceTitle "EXT 2023"]
[Source "ChessBase"]
[SourceDate "2022.10.05"]
[SourceVersion "1"]
[SourceVersionDate "2022.10.05"]
[SourceQuality "1"]
[WhiteTeam "Modranka Komplet"]
[BlackTeam "Senica CVC"]
[WhiteTeamCountry "SVK"]
[BlackTeamCountry "SVK"]

1. d4 f5 2. c4 Nf6 3. Nc3 e6 4. Nf3 d5 5. e3 c6 6. Bd2 Bd6 7. cxd5 exd5 8. Be2 0-0 9. 0-0 Nbd7 10. Qc2 Ne4 11. Rac1 Qe8 12. Nxe4 fxe4 13. Ne1 Qg6 14. a3 Nf6 15. f4 Bg4 16. Bb4 Bxb4 17. axb4 Qh5 18. Rf2 g5 19. g3 gxf4 20. exf4 Rae8 21. Bxg4 Nxg4 22. Re2 e3 23. Nd3 Re4 24. Ne5 Nxe5 25. dxe5 Rc4 26. Qxc4 dxc4 27. Rxe3 Rd8 28. g4 Qh4 29. Rc2 Rd1+ 30. Kg2 Rd3 31. Rce2 Qxg4+ 0-1

[Event "SVK-ch U16"]
[Site "Lubovna"]
[Date "2020.08.20"]
[Round "7"]
[White "Ulehla, Jakub"]
[Black "Greno, Pavol"]
[Result "0-1"]
[WhiteElo "1863"]
[BlackElo "1793"]
[PlyCount "64"]
[EventDate "2020.08.15"]
[EventType "swiss"]
[EventRounds "9"]
[EventCountry "SVK"]
[SourceTitle "EXT 2021"]
[Source "ChessBase"]
[SourceDate "2020.10.23"]
[SourceVersion "1"]
[SourceVersionDate "2020.10.23"]
[SourceQuality "1"]

1. e4 c5 2. Nf3 Nc6 3. d4 cxd4 4. Nxd4 g6 5. c4 Nf6 6. Nc3 d6 7. Be3 Ng4 8. Bg5 Qb6 9. Be3 Nxe3 10. fxe3 Bg7 11. Nd5 Qa5+ 12. Qd2 Qxd2+ 13. Kxd2 Kd8 14. Kc3 Be6 15. Nb4 Rc8 16. Rd1 Kd7 17. b3 a5 18. Nd5 Bxd5 19. exd5 Nb4 20. Kb2 Rhf8 21. a3 Na6 22. Ka2 Nc5 23. Bd3 e5 24. Nb5 f5 25. Rhf1 Rce8 26. b4 axb4 27. axb4 Ra8+ 28. Na3 Rxa3+ 29. Kxa3 Ra8+ 30. Kb2 e4+ 31. Kc2 exd3+ 32. Kd2 Ra2+ 0-1

[Event "SVK-ch U16"]
[Site "Lubovna"]
[Date "2020.08.15"]
[Round "1"]
[White "Ulehla, Jakub"]
[Black "Zetocha, Adrian"]
[Result "0-1"]
[WhiteElo "1863"]
[BlackElo "2078"]
[PlyCount "46"]
[EventDate "2020.08.15"]
[EventType "swiss"]
[EventRounds "9"]
[EventCountry "SVK"]
[SourceTitle "EXT 2021"]
[Source "ChessBase"]
[SourceDate "2020.10.23"]
[SourceVersion "1"]
[SourceVersionDate "2020.10.23"]
[SourceQuality "1"]

1. e4 c6 2. d4 d5 3. e5 Bf5 4. g4 Bd7 5. f4 h5 6. gxh5 e6 7. Nf3 Rxh5 8. Bd3 c5 9. c3 Nc6 10. Be3 Qb6 11. Qc2 cxd4 12. Bxd4 Nxd4 13. Nxd4 Bc5 14. Nb3 Be3 15. Rf1 Nh6 16. Qg2 0-0-0 17. N1d2 Rh4 18. Qxg7 Bxd2+ 19. Kxd2 Rxh2+ 20. Be2 Rg8 21. Qh7 Rgg2 22. Rae1 Nf5 23. Qxf7 Rxe2+ 0-1

[Event "SVK-chT4 A21 1920"]
[Site "Slovakia"]
[Date "2020.01.12"]
[Round "6.1"]
[White "Ulehla, Jakub"]
[Black "Krakovsky, Peter"]
[Result "1-0"]
[WhiteElo "1775"]
[BlackElo "1676"]
[PlyCount "47"]
[EventDate "2019.10.13"]
[EventType "team-tourn"]
[EventRounds "11"]
[EventCountry "SVK"]
[SourceTitle "CBM 194 Extra"]
[Source "ChessBase"]
[SourceDate "2020.03.31"]
[SourceVersion "1"]
[SourceVersionDate "2020.03.31"]
[SourceQuality "1"]
[WhiteTeam "Senica CVC II"]
[BlackTeam "Skalica III"]
[WhiteTeamCountry "SVK"]
[BlackTeamCountry "SVK"]

1. e4 e5 2. f4 d5 3. exd5 Qxd5 4. Nc3 Qe6 5. fxe5 Qxe5+ 6. Nge2 Bg4 7. d4 Qe6 8. Bf4 Bd6 9. Bxd6 Qxd6 10. Qd2 Nf6 11. 0-0-0 0-0 12. h3 Bh5 13. g4 Bg6 14. Nf4 Ne4 15. Nxe4 Bxe4 16. Bg2 Bxg2 17. Nxg2 Nc6 18. Ne3 Rad8 19. Nf5 Qd5 20. Kb1 g6 21. Qh6 gxf5 22. gxf5 Ne7 23. Rhg1+ Ng6 24. f6 1-0

[Event "Skalica op"]
[Site "Skalica"]
[Date "2020.01.11"]
[Round "5"]
[White "Michal, Silvio"]
[Black "Ulehla, Jakub"]
[Result "1-0"]
[WhiteElo "2074"]
[BlackElo "1775"]
[PlyCount "49"]
[EventDate "2020.01.11"]
[EventType "swiss"]
[EventRounds "9"]
[EventCountry "SVK"]
[SourceTitle "CBM 194 Extra"]
[Source "ChessBase"]
[SourceDate "2020.03.31"]
[SourceVersion "1"]
[SourceVersionDate "2020.03.31"]
[SourceQuality "1"]

1. Nf3 f5 2. d4 Nf6 3. c4 e6 4. Nc3 d5 5. e3 c6 6. Be2 Bd6 7. 0-0 0-0 8. a3 Nbd7 9. b4 Ne4 10. Qc2 Ndf6 11. Ne5 Nxc3 12. Qxc3 Ne4 13. Qc2 Qf6 14. f4 g5 15. g3 gxf4 16. gxf4 Kh8 17. Kh1 Rg8 18. Bf3 Bxe5 19. dxe5 Qh4 20. Bxe4 fxe4 21. Bb2 Bd7 22. cxd5 cxd5 23. f5 Rac8 24. Qf2 Bb5 25. Qxh4 1-0

[Event "Skalica op"]
[Site "Skalica"]
[Date "2020.01.11"]
[Round "8"]
[White "Ulehla, Jakub"]
[Black "Hudacek, Josef"]
[Result "0-1"]
[WhiteElo "1775"]
[BlackElo "2099"]
[PlyCount "100"]
[EventDate "2020.01.11"]
[EventType "swiss"]
[EventRounds "9"]
[EventCountry "SVK"]
[SourceTitle "CBM 194 Extra"]
[Source "ChessBase"]
[SourceDate "2020.03.31"]
[SourceVersion "1"]
[SourceVersionDate "2020.03.31"]
[SourceQuality "1"]

1. e4 d6 2. d4 Nf6 3. Nc3 Nbd7 4. f4 e5 5. fxe5 dxe5 6. d5 Nc5 7. Bd3 Be7 8. Nf3 Bg4 9. 0-0 0-0 10. Be3 Nfd7 11. Qd2 f5 12. exf5 Nxd3 13. cxd3 Bxf5 14. d4 e4 15. Ne5 Nb6 16. Rf4 Nxd5 17. Nxd5 Qxd5 18. Raf1 Be6 19. Qc2 c5 20. Qxe4 Qxe4 21. Rxe4 Bd5 22. Ref4 Rxf4 23. Rxf4 Bg5 24. Rf3 Bxf3 25. Bxg5 Bd5 26. dxc5 Bxa2 27. Be7 Bd5 28. g3 a5 29. Kf2 a4 30. Nd7 a3 31. bxa3 Rxa3 32. Nb6 Bc6 33. h4 Rf3+ 34. Ke2 Rxg3 35. Kf2 Rf3+ 36. Ke2 Kf7 37. Bg5 Rf5 38. Be3 Bb5+ 39. Kd2 Ke6 40. Nc8 Rh5 41. Bf2 Rd5+ 42. Kc3 Rd3+ 43. Kc2 Rf3 44. Bg1 Rh3 45. Na7 Bc6 46. Nxc6 bxc6 47. Bd4 g6 48. Kd2 Rxh4 49. Bf2 Rh2 50. Ke3 Rxf2 0-1

[Event "Skalica op"]
[Site "Skalica"]
[Date "2020.01.11"]
[Round "7"]
[White "Wallner, Juraj"]
[Black "Ulehla, Jakub"]
[Result "0-1"]
[WhiteElo "1600"]
[BlackElo "1775"]
[PlyCount "76"]
[EventDate "2020.01.11"]
[EventType "swiss"]
[EventRounds "9"]
[EventCountry "SVK"]
[SourceTitle "CBM 194 Extra"]
[Source "ChessBase"]
[SourceDate "2020.03.31"]
[SourceVersion "1"]
[SourceVersionDate "2020.03.31"]
[SourceQuality "1"]

1. e4 c5 2. Nf3 Nc6 3. d4 cxd4 4. Nxd4 g6 5. Be3 Bg7 6. Bc4 Nf6 7. Nc3 0-0 8. 0-0 d6 9. h3 Bd7 10. Nxc6 Bxc6 11. f3 Rc8 12. Qe2 a6 13. a4 Nd7 14. Nd1 Nc5 15. Bxc5 dxc5 16. Nc3 e6 17. Rfd1 Qa5 18. Rd3 Rfd8 19. Rad1 Rxd3 20. Rxd3 Rd8 21. Rxd8+ Qxd8 22. Kh1 Bxc3 23. bxc3 Bxa4 24. Bb3 Bb5 25. c4 Bc6 26. c3 Qd7 27. Bc2 Ba4 28. Bxa4 Qxa4 29. Qd3 Qc6 30. e5 Qc7 31. f4 Kf8 32. g4 Ke7 33. Qe4 Qc6 34. Qxc6 bxc6 35. Kg2 a5 36. Kf2 a4 37. Ke2 a3 38. Kd2 a2 0-1

[Event "SVK-ch U16"]
[Site "Liptovsky Mikulas"]
[Date "2019.04.30"]
[Round "9"]
[White "Beres, Tomas"]
[Black "Ulehla, Jakub"]
[Result "1/2-1/2"]
[WhiteElo "1865"]
[BlackElo "1747"]
[PlyCount "36"]
[EventDate "2019.04.23"]
[EventType "swiss"]
[EventRounds "9"]
[EventCountry "SVK"]
[SourceTitle "CBM 190 Extra"]
[Source "ChessBase"]
[SourceDate "2019.07.15"]
[SourceVersion "1"]
[SourceVersionDate "2019.07.15"]
[SourceQuality "1"]

1. e4 c5 2. Nf3 Nc6 3. d4 cxd4 4. Nxd4 g6 5. c4 Bg7 6. Be3 Nf6 7. Nc3 0-0 8. Be2 d6 9. 0-0 a5 10. Rc1 Bd7 11. f3 Nxd4 12. Bxd4 Bc6 13. Qd2 Nd7 14. Bxg7 Kxg7 15. Qd4+ Kg8 16. Rfd1 Nc5 17. f4 Ne6 18. Qe3 Nc5 1/2-1/2

[Event "SVK-ch U16"]
[Site "Liptovsky Mikulas"]
[Date "2019.04.24"]
[Round "2"]
[White "Devera, Simon"]
[Black "Ulehla, Jakub"]
[Result "1/2-1/2"]
[WhiteElo "1661"]
[BlackElo "1747"]
[PlyCount "118"]
[EventDate "2019.04.23"]
[EventType "swiss"]
[EventRounds "9"]
[EventCountry "SVK"]
[SourceTitle "CBM 190 Extra"]
[Source "ChessBase"]
[SourceDate "2019.07.15"]
[SourceVersion "1"]
[SourceVersionDate "2019.07.15"]
[SourceQuality "1"]

1. d4 f5 2. c4 Nf6 3. Nc3 e6 4. Nf3 Be7 5. e3 0-0 6. Bd3 b6 7. e4 fxe4 8. Nxe4 Bb7 9. Qc2 h6 10. Ne5 Nxe4 11. Bxe4 Bxe4 12. Qxe4 Bb4+ 13. Ke2 Nc6 14. Nxc6 dxc6 15. Qxe6+ Kh8 16. Be3 Re8 17. Qg4 c5 18. Rhd1 Qf6 19. Qf3 Qg6 20. Kf1 Rf8 21. Qe2 Rae8 22. d5 Qe4 23. Kg1 Ba5 24. Qd3 Qh4 25. f3 Qf6 26. Rdb1 Qd6 27. Bf2 Re7 28. a3 b5 29. cxb5 Rfe8 30. Qc4 Bb6 31. Re1 Rxe1+ 32. Bxe1 Qg6 33. Rc1 Qg5 34. Bf2 Re2 35. f4 Qg4 36. h3 Qh5 37. g4 Qe8 38. Rc2 Re4 39. Qd3 Rxf4 40. Re2 Qf7 41. Qe3 Kh7 42. Qe6 Qf8 43. Kg2 Rf7 44. Bg3 c4 45. d6 cxd6 46. Qxc4 Kh8 47. Qc6 Re7 48. Rd2 Re3 49. Bxd6 Qf7 50. Qc8+ Re8 51. Qf5 Qc4 52. Qd3 Qc1 53. Bh2 Rf8 54. Rd1 Qxb2+ 55. Rd2 Rf2+ 56. Rxf2 Qxf2+ 57. Kh1 Qe1+ 58. Kg2 Qf2+ 59. Kh1 Qe1+ 1/2-1/2

[Event "SVK-chT3A2 1819"]
[Site "Slovakia"]
[Date "2019.03.10"]
[Round "10.4"]
[White "Ulehla, Jakub"]
[Black "Benak, Peter"]
[Result "1/2-1/2"]
[WhiteElo "1695"]
[BlackElo "1627"]
[PlyCount "72"]
[EventDate "2018.10.07"]
[EventType "team-tourn"]
[EventRounds "11"]
[EventCountry "SVK"]
[SourceTitle "EXT 2020"]
[Source "ChessBase"]
[SourceDate "2019.10.17"]
[SourceVersion "1"]
[SourceVersionDate "2019.10.17"]
[SourceQuality "1"]
[WhiteTeam "Senica CVC"]
[BlackTeam "Holic"]
[WhiteTeamCountry "SVK"]
[BlackTeamCountry "SVK"]

1. e4 e5 2. Nf3 Nf6 3. Nxe5 d6 4. Nf3 Nxe4 5. d4 d5 6. Bd3 Be7 7. 0-0 0-0 8. Re1 Bf5 9. Nbd2 Nxd2 10. Bxf5 Nxf3+ 11. Qxf3 c6 12. Qh3 g6 13. Bh6 Re8 14. Bd3 Bf6 15. c3 Bg7 16. Bf4 Nd7 17. Kf1 Nf8 18. Rxe8 Qxe8 19. Re1 Ne6 20. Bd2 Qd7 21. f4 Re8 22. f5 Nf8 23. Rxe8 Qxe8 24. fxg6 fxg6 25. Qe3 Qxe3 26. Bxe3 Kf7 27. Ke2 Ne6 28. Kd2 Bf6 29. Be2 Bg5 30. Bg4 Bxe3+ 31. Kxe3 Kf6 32. h4 h6 33. Bxe6 Kxe6 34. Kf4 Kf6 35. g4 g5+ 36. hxg5+ hxg5+ 1/2-1/2

[Event "SVK-chT2A 1819"]
[Site "Slovakia"]
[Date "2018.10.13"]
[Round "1.8"]
[White "Cervenak, Ladislav"]
[Black "Ulehla, Jakub"]
[Result "1-0"]
[WhiteElo "1777"]
[BlackElo "1674"]
[PlyCount "51"]
[EventDate "2018.10.13"]
[EventType "team-tourn"]
[EventRounds "11"]
[EventCountry "SVK"]
[SourceTitle "CBM 189 Extra"]
[Source "ChessBase"]
[SourceDate "2019.05.31"]
[SourceVersion "1"]
[SourceVersionDate "2019.05.31"]
[SourceQuality "1"]
[WhiteTeam "Bratislava Slovan IV"]
[BlackTeam "Osuske II"]
[WhiteTeamCountry "SVK"]
[BlackTeamCountry "SVK"]

1. Nf3 Nf6 2. g3 c5 3. c4 Nc6 4. Bg2 g6 5. b3 Bg7 6. Bb2 0-0 7. Nc3 e6 8. 0-0 d5 9. cxd5 exd5 10. d4 b6 11. e3 Ba6 12. Re1 Re8 13. a3 Bb7 14. Rc1 Ne4 15. Rc2 Qd7 16. dxc5 Bxc3 17. Bxc3 bxc5 18. Bb2 Na5 19. Nd2 Qb5 20. b4 cxb4 21. Nxe4 dxe4 22. Qd4 f6 23. Qxf6 Qd7 24. Qh8+ Kf7 25. Qxh7+ Ke6 26. Bh3+ 1-0

[Event "SVK-ch U14"]
[Site "Liptovsky Mikulas"]
[Date "2018.04.25"]
[Round "7"]
[White "Greno, Pavol"]
[Black "Ulehla, Jakub"]
[Result "1-0"]
[WhiteElo "1384"]
[BlackElo "1731"]
[PlyCount "61"]
[EventDate "2018.04.21"]
[EventType "swiss"]
[EventRounds "9"]
[EventCountry "SVK"]
[SourceTitle "CBM 184 Extra"]
[Source "ChessBase"]
[SourceDate "2018.06.28"]
[SourceVersion "1"]
[SourceVersionDate "2018.06.28"]
[SourceQuality "1"]

1. e4 c5 2. Nf3 Nc6 3. d4 cxd4 4. Nxd4 g6 5. Nc3 Bg7 6. Be3 Nf6 7. f3 d6 8. Bc4 0-0 9. Qd2 Bd7 10. 0-0-0 a6 11. Bb3 b5 12. h4 Nxd4 13. Bxd4 a5 14. Nd5 a4 15. Nxf6+ exf6 16. Bd5 Rb8 17. g4 Qc7 18. Bc3 Rfc8 19. Bb4 Bh6 20. g5 fxg5 21. Kb1 Bg7 22. hxg5 Bc6 23. Bxd6 Qb6 24. Bxb8 Bxd5 25. exd5 Qxb8 26. d6 b4 27. d7 Rd8 28. Rhe1 b3 29. axb3 axb3 30. cxb3 Kf8 31. Qd6+ 1-0

[Event "SVK-ch U14"]
[Site "Liptovsky Mikulas"]
[Date "2018.04.24"]
[Round "6"]
[White "Ulehla, Jakub"]
[Black "Sosovicka, Jakub"]
[Result "0-1"]
[WhiteElo "1731"]
[BlackElo "2105"]
[PlyCount "44"]
[EventDate "2018.04.21"]
[EventType "swiss"]
[EventRounds "9"]
[EventCountry "SVK"]
[SourceTitle "CBM 184 Extra"]
[Source "ChessBase"]
[SourceDate "2018.06.28"]
[SourceVersion "1"]
[SourceVersionDate "2018.06.28"]
[SourceQuality "1"]

1. e4 c5 2. Nf3 d6 3. d4 cxd4 4. Nxd4 Nf6 5. Nc3 a6 6. Be2 e5 7. Nb3 Be6 8. Be3 Be7 9. 0-0 0-0 10. f4 Qc7 11. Bf3 Nbd7 12. f5 Bc4 13. Be2 b5 14. Bd3 b4 15. Ne2 Ng4 16. Qd2 d5 17. exd5 Nxe3 18. Qxe3 Bxb3 19. Qh3 Bxc2 20. f6 Nxf6 21. Rxf6 Bxd3 22. Rc6 Qa7+ 0-1

[Event "SVK-ch U14"]
[Site "Liptovsky Mikulas"]
[Date "2018.04.21"]
[Round "1"]
[White "Minarik, Jozef"]
[Black "Ulehla, Jakub"]
[Result "1/2-1/2"]
[WhiteElo "1428"]
[BlackElo "1731"]
[PlyCount "70"]
[EventDate "2018.04.21"]
[EventType "swiss"]
[EventRounds "9"]
[EventCountry "SVK"]
[SourceTitle "CBM 184 Extra"]
[Source "ChessBase"]
[SourceDate "2018.06.28"]
[SourceVersion "1"]
[SourceVersionDate "2018.06.28"]
[SourceQuality "1"]

1. e4 c5 2. Nc3 Nc6 3. g3 g6 4. Bg2 Bg7 5. Nge2 d6 6. 0-0 Nf6 7. d3 0-0 8. Bg5 a6 9. a4 Be6 10. Qd2 Qc7 11. Bh6 Rab8 12. Bxg7 Kxg7 13. Nf4 b5 14. axb5 axb5 15. Nxe6+ fxe6 16. Ne2 d5 17. Nf4 Qd6 18. Ra6 dxe4 19. Qe3 e5 20. Nh3 Ra8 21. Rfa1 Rxa6 22. Rxa6 h6 23. Bxe4 Nxe4 24. Qxe4 Rc8 25. Kg2 Qd4 26. c3 Qxe4+ 27. dxe4 Kf7 28. Kf3 b4 29. Ke2 Ke8 30. Ng1 Kd7 31. Nf3 e6 32. Kd3 Kd6 33. Kc4 Rf8 34. Kb5 Rb8+ 35. Rb6 Rc8 1/2-1/2

[Event "SVK-chT3A2 1718"]
[Site "Slovakia"]
[Date "2018.03.25"]
[Round "11.5"]
[White "Kramar, Matus"]
[Black "Ulehla, Jakub"]
[Result "1/2-1/2"]
[WhiteElo "1544"]
[BlackElo "1653"]
[PlyCount "58"]
[EventDate "2017.10.08"]
[EventType "team-tourn"]
[EventRounds "11"]
[EventCountry "SVK"]
[SourceTitle "EXT 2020"]
[Source "ChessBase"]
[SourceDate "2019.10.17"]
[SourceVersion "1"]
[SourceVersionDate "2019.10.17"]
[SourceQuality "1"]
[WhiteTeam "Modranka Komplet"]
[BlackTeam "Senica CVC"]
[WhiteTeamCountry "SVK"]
[BlackTeamCountry "SVK"]

1. e4 c5 2. Nf3 Nc6 3. d4 cxd4 4. Nxd4 g6 5. Be3 Bg7 6. Bc4 Nf6 7. Nc3 0-0 8. Qd2 d6 9. f3 Bd7 10. 0-0 Rc8 11. Nxc6 Bxc6 12. Bb3 a6 13. Rad1 Qc7 14. Qf2 Nd7 15. Bd4 Bxd4 16. Qxd4 Nc5 17. Bd5 Rfd8 18. f4 e6 19. Bxc6 bxc6 20. f5 exf5 21. exf5 Nb7 22. Ne4 Qe7 23. Nf6+ Kh8 24. Rde1 Qf8 25. Rf4 Qg7 26. Rh4 h6 27. Re7 Nc5 28. fxg6 Ne6 29. Qc3 Rc7 1/2-1/2

[Event "SVK-chT4 A21 1718"]
[Site "Slovakia"]
[Date "2018.03.18"]
[Round "11.4"]
[White "Ulehla, Jakub"]
[Black "Mraz, Jan"]
[Result "0-1"]
[WhiteElo "1763"]
[BlackElo "1637"]
[PlyCount "108"]
[EventDate "2017.10.01"]
[EventType "team-tourn"]
[EventRounds "11"]
[EventCountry "SVK"]
[SourceTitle "EXT 2020"]
[Source "ChessBase"]
[SourceDate "2019.10.17"]
[SourceVersion "1"]
[SourceVersionDate "2019.10.17"]
[SourceQuality "1"]
[WhiteTeam "Senica CVC II"]
[BlackTeam "Gbely Nafta III"]
[WhiteTeamCountry "SVK"]
[BlackTeamCountry "SVK"]

1. e4 b6 2. d4 Bb7 3. Nc3 g6 4. Nf3 Bg7 5. Bd3 e6 6. 0-0 Ne7 7. Re1 d6 8. Bg5 Nd7 9. Qd2 f6 10. Bh6 Kf7 11. Bxg7 Kxg7 12. Bc4 d5 13. exd5 exd5 14. Bf1 Re8 15. Re2 Nf5 16. Rae1 Rxe2 17. Qxe2 Qf8 18. g4 Nd6 19. Qe7+ Qf7 20. g5 Re8 21. gxf6+ Nxf6 22. Qxf7+ Nxf7 23. Rxe8 Nxe8 24. Ne5 c6 25. f4 Ned6 26. Bh3 Nf5 27. Bxf5 gxf5 28. Ne2 c5 29. Nxf7 Kxf7 30. c3 Kg6 31. Kf2 Ba6 32. Nc1 c4 33. Ke3 Kh5 34. Kf3 Kh4 35. Ne2 Kh3 36. Ng3 Bc8 37. Nf1 Be6 38. b3 a5 39. bxc4 dxc4 40. Ne3 b5 41. d5 Bd7 42. d6 Kxh2 43. Nd5 Be6 44. Ke3 Kg2 45. Nf6 b4 46. cxb4 axb4 47. d7 Bxd7 48. Nxd7 b3 49. axb3 cxb3 50. Kd3 h5 51. Nc5 h4 52. Nxb3 h3 53. Nd4 h2 54. Nxf5 h1Q 0-1

[Event "SVK-chT3A2 1718"]
[Site "Slovakia"]
[Date "2018.02.18"]
[Round "9.6"]
[White "Ulehla, Jakub"]
[Black "Zajicek, Ferdinand"]
[Result "1-0"]
[WhiteElo "1653"]
[BlackElo "1806"]
[PlyCount "109"]
[EventDate "2017.10.08"]
[EventType "team-tourn"]
[EventRounds "11"]
[EventCountry "SVK"]
[SourceTitle "EXT 2020"]
[Source "ChessBase"]
[SourceDate "2019.10.17"]
[SourceVersion "1"]
[SourceVersionDate "2019.10.17"]
[SourceQuality "1"]
[WhiteTeam "Senica CVC"]
[BlackTeam "Gbely Nafta II"]
[WhiteTeamCountry "SVK"]
[BlackTeamCountry "SVK"]

1. e4 c5 2. Nf3 d6 3. d4 cxd4 4. Nxd4 Nf6 5. Nc3 g6 6. Be3 Bg7 7. f3 0-0 8. Bc4 Nc6 9. Qd2 Bd7 10. 0-0-0 a6 11. a3 Rc8 12. Bb3 Na5 13. g4 Nxb3+ 14. Nxb3 Be6 15. Nd4 Qa5 16. h4 Rc7 17. Bh6 Rfc8 18. Bxg7 Kxg7 19. Nde2 Bc4 20. h5 Bxe2 21. Qxe2 Rxc3 22. bxc3 Rxc3 23. Rd3 b5 24. Qe3 Qxa3+ 25. Kd2 Rxd3+ 26. Qxd3 Qxd3+ 27. cxd3 gxh5 28. gxh5 Nd7 29. d4 e5 30. Kd3 Kh6 31. Rc1 exd4 32. Kxd4 Ne5 33. f4 Nc4 34. Ra1 a5 35. f5 a4 36. Kc3 Kxh5 37. Rh1+ Kg5 38. Rxh7 Ne5 39. Rh2 Kf4 40. Re2 Kf3 41. Re1 b4+ 42. Kc2 Nc4 43. Kd3 Nb6 44. Kc2 Kf2 45. Rd1 Nc4 46. Rd4 Na3+ 47. Kb2 Nb5 48. Rxb4 Nc7 49. Rxa4 Ke3 50. Ra7 Nb5 51. Rxf7 Kxe4 52. Rb7 Nd4 53. f6 Kf5 54. f7 Ne6 55. Rb8 1-0

[Event "SVK-chT4 A21 1718"]
[Site "Slovakia"]
[Date "2018.02.11"]
[Round "9.3"]
[White "Gajarsky, Julius"]
[Black "Ulehla, Jakub"]
[Result "1-0"]
[WhiteElo "1715"]
[BlackElo "1763"]
[PlyCount "53"]
[EventDate "2017.10.01"]
[EventType "team-tourn"]
[EventRounds "11"]
[EventCountry "SVK"]
[SourceTitle "EXT 2020"]
[Source "ChessBase"]
[SourceDate "2019.10.17"]
[SourceVersion "1"]
[SourceVersionDate "2019.10.17"]
[SourceQuality "1"]
[WhiteTeam "Modranka Komplet"]
[BlackTeam "Senica CVC II"]
[WhiteTeamCountry "SVK"]
[BlackTeamCountry "SVK"]

1. d4 Nf6 2. c4 g6 3. Nc3 Bg7 4. e4 d6 5. f4 0-0 6. Be2 Nbd7 7. Be3 e5 8. fxe5 dxe5 9. d5 Ne8 10. Nf3 f5 11. exf5 gxf5 12. Bg5 Nef6 13. Qd2 e4 14. Nd4 Ne5 15. 0-0 h6 16. Bxh6 Nfg4 17. Bxg7 Kxg7 18. h3 Nh6 19. Rad1 Ng6 20. Bh5 Rf6 21. Nce2 Ne5 22. Nf4 Nxc4 23. Qc3 Ne5 24. Nde6+ Bxe6 25. Nxe6+ Rxe6 26. dxe6 Qf6 27. Qxc7+ 1-0

[Event "SVK-chT2A 1718"]
[Site "Slovakia"]
[Date "2018.01.13"]
[Round "5.6"]
[White "Pribila, Michal"]
[Black "Ulehla, Jakub"]
[Result "1/2-1/2"]
[WhiteElo "2050"]
[BlackElo "1785"]
[PlyCount "97"]
[EventDate "2017.10.28"]
[EventType "team-tourn"]
[EventRounds "11"]
[EventCountry "SVK"]
[SourceTitle "EXT 2019"]
[Source "ChessBase"]
[SourceDate "2018.10.10"]
[SourceVersion "1"]
[SourceVersionDate "2018.10.10"]
[SourceQuality "1"]
[WhiteTeam "Gbely Nafta"]
[BlackTeam "Osuske II"]
[WhiteTeamCountry "SVK"]
[BlackTeamCountry "SVK"]

1. e4 c5 2. c3 Nc6 3. d4 d6 4. d5 Ne5 5. f4 Nd7 6. Nf3 Qc7 7. c4 g6 8. Nc3 a6 9. Qa4 Bg7 10. Bd3 Nh6 11. 0-0 0-0 12. Qc2 Ng4 13. h3 Ngf6 14. Bd2 e6 15. Rae1 exd5 16. exd5 Nb6 17. Nh4 Qd8 18. Nf3 Qc7 19. a4 Bd7 20. a5 Nc8 21. Ne2 b6 22. axb6 Nxb6 23. Ng3 Rab8 24. f5 Qb7 25. b3 Nc8 26. Rb1 Ne7 27. fxg6 Nxg6 28. Ng5 Qc8 29. Bc3 Qd8 30. N5e4 Nxe4 31. Nxe4 Qh4 32. Bxg7 Kxg7 33. Qc3+ f6 34. Nxd6 Nf4 35. Rb2 Qg3 36. Rf3 Nxh3+ 37. Kf1 Qxd6 38. gxh3 Rbe8 39. Rbf2 Re5 40. Bc2 Qe7 41. Rg3+ Kh8 42. Qd3 Re8 43. Kg2 Rg8 44. Rxg8+ Kxg8 45. Qf3 Rg5+ 46. Kf1 Qe5 47. Rg2 Qa1+ 48. Ke2 Qe5+ 49. Kf2 1/2-1/2